Formel 1: Alle deutschen Fahrer seit 1980 - Statistiken

Allgemein
  • Dieses Quiz wurde 352 mal gespielt
  • Das Durchschnittsergebnis liegt bei 11 aus 17
Antwortstatistiken
Hinweise Name des Fahrers % Korrekt
1991 - 1991 | Jordan1991 - 1995 | Benetton 1996 - 2006 | Ferrari 2010 - 2012 | Mercedes gesamt: 307 GP-Starts
Michael Schumacher
100%
2021 - 2022 | Haas
gesamt: 43 GP-Start
Mick Schumacher
100%
1997 - 1998 | Jordan1999 - 2004 | Williams 2005 - 2007 | Toyota gesamt: 180 GP-Starts
Ralf Schumacher
100%
2010 - 2010 | Williams2012 - 2012 | Force India 2013 - 2013 | Sauber 2014 - 2016 | Force India 2017 - 2019 | Renault 2020 - 2020 | Racing Point 2022 -2022 | Aston Martin seit 2023 | Haas gesamt: 203 GP-Starts
Nico Hülkenberg
95%
2007 - 2007 | BMW Sauber2007 - 2008 | Toro Rosso 2009 - 2014 | Red Bull 2015 - 2020 | Ferrari 2021 - 2022 | Aston Martin gesamt: 299 GP-Starts
Sebastian Vettel
95%
2006 - 2009 | Williams
2010 - 2016 | Mercedes gesamt: 206 GP-Starts
Nico Rosberg
94%
2000 - 2000 | Prost2001 - 2003 | Sauber
2004 - 2004 | Jordan
2005 - 2005 | Williams 2006 - 2009 | BMW Sauber
2010 - 2010 | Sauber
2011 - 2011 | Renault gesamt: 183 GP-Starts
Nick Heidfeld
69%
1994 - 1996 | Sauber1997 - 1998 | Williams 1999 - 2001 | Jordan 2001 - 2001 | Prost 2002 - 2002 | Arrows 2003 - 2003 | Sauber gesamt: 156 GP-Starts
Heinz-Harald Frentzen
64%
2016 - 2016 | Manor2017 -2017 | Sauber
gesamt: 39 GP-Start
Pascal Wehrlein
61%
2004 - 2004 | Jordan 2008 - 2009 | Toyota 2010 - 2011 | Virgin 2012 - 2012 | Marussia gesamt: 91 GP-Starts
Timo Glock
61%
2007 - 2007 | Spyker2008 - 2011 | Force India 2013 - 2013 | Force India 2014 - 2014 | Sauber gesamt: 128 GP-Starts
Adrian Sutil
59%
2007 - 2007 | Spyker gesamt: 1 GP-Start Markus Winkelhock
38%
1982 - 1984 | ATS1984 - 1984 | Brabham 1985 - 1985 | RAM gesamt: 47 GP-Starts Manfred Winkelhock
37%
2014 - 2014 | Caterham
gesamt: 1 GP-Start
André Lotterer
25%
1985 - 1985 | Zakspeed1986 - 1986 | Osella/Arrows 1987 - 1987 | Zakspeed 1989 - 1989 | Rial gesamt: 36 GP-Starts
Christian Danner
20%
1984 - 1985 | Tyrrell gesamt: 20 GP-Starts Stefan Bellof
20%
1988 - 1989 | Zakspeed1990 - 1990 | Arrows
gesamt: 9 GP-Starts
Bernd Schneider
14%
Keine übereinstimmenden Quizze gefunden
Verteilung der Resultate
Anzahl Personen mit jedem Resultat
Perzentil nach korrekt beantworteten Fragen
Ihre Resultats-Entwicklung
Sie haben dieses Quiz noch nicht gespielt